Cities with Short Names by US State - Statistics

General Stats
  • This quiz has been taken 958 times
  • The average score is 26 of 50
Answer Stats
Hint Answer % Correct
Miami Florida
94%
Boise Idaho
93%
Akron Ohio
93%
Omaha Nebraska
92%
Reno Nevada
92%
Aspen Colorado
90%
Tulsa Oklahoma
90%
Waco Texas
90%
Dover Delaware
88%
Fargo North Dakota
88%
Gary Indiana
86%
Flint Michigan
86%
Hilo Hawaii
82%
Tempe Arizona
79%
Macon Georgia
79%
Erie Pennsylvania
79%
Nome Alaska
77%
Butte Montana
73%
Salem Massachusetts
72%
Ogden Utah
68%
Selma Alabama
67%
Taos New Mexico
64%
Bend Oregon
61%
Ames Iowa
59%
Cody Wyoming
55%
Yreka California
40%
Cairo Illinois
39%
Aiken South Carolina
35%
Keene New Hampshire
33%
Bowie Maryland
32%
Edina Minnesota
32%
Houma Louisiana
28%
Rye New York
28%
Barre Vermont
28%
Pasco Washington
27%
Berea Kentucky
25%
Rolla Missouri
25%
Duck North Carolina
24%
Saco Maine
22%
Pearl Mississippi
20%
Iola Kansas
18%
Wayne New Jersey
18%
Lead South Dakota
18%
Alcoa Tennessee
18%
Galax Virginia
18%
Cabot Arkansas
17%
Ripon Wisconsin
17%
Derby Connecticut
16%
Nitro West Virginia
16%
Alton Rhode Island
12%
No matching quizzes found
Score Distribution
Percent of People with Each Score
Percentile by Number Answered
Your Score History
You have not taken this quiz